02018nam a2200265 a 4500001001000000005001700010008004100027041000800068044000700076084002000083100004500103245009400148260004200242300004000284500024400324500030300568500059100871500001001462650005201472650005601524650003401580650004501614700004301659740005001702BRCA_262120190320203908.0011208s186-----sp-a---###---#000-0dspa-u aspa asp a186b.A44c18791 aCervantes Saavedra, Miguel ded1547-161610aEl Ingenioso Hidalgo D. Quijote de la Manchaccompuesto por Miguel de Cervantes Saavedra. aBarcelonabJuan Aleu y Fugarullc1879 a2 v.bil. (algunas a color)c32 cm. aContenido : v 1. Primera parte. Retrato de Cervantes. Observaciones sobre Cervantes y su obra. Dedicatoria del autor. Prólogo del autor. Versos preliminares. Texto. -- v 2. Segunda parte. Dedicatoria del autor. Prólogo del autor. Texto aEdición : Nueva edición conforme a la corregida y publicada por la Real Academia Española, precedida de unas observaciones sobre Cervantes y su obra maestra, por Antonio de Bofarull y Bocá, ilustrada con 100 cromos, y 200 dibujos originales de Apeles Mestres, grabados por Francisco Fusté aEdición lujosa, adornada por Apeles Mestres con el retrato de Cervantes bien ejecutado, 25 láminas al cromo y multitud de dibujos intercalados, que revelan la fecunda fantasía del afamado artista catalán. Merece aprecio el interesante estudio de Bofarull por su justo elogio del autor y su obra, así como por la acertada descripción de la realidad social y política de la época en que le tocó vivir a Cervantes. La parte tipográfica nada deja que desear. Rico papel y hermoso y grandes tipos. Semipiel; lomeras y planos decorados con filetes dorados Lúdovik Osterc aQM17714aNovela españolayÉpoca clásica, 1500-170014aLiteratura españolayÉpoca clásica, 1500-170014aNovela españolaySiglo XVII14aDon Quijote (Personaje ficticio)eNovela1 aMestres, Apelesd1854-1936eIlustrador0 aEl Ingenioso Hidalgo Don Quijote de la Mancha